Kot w 10 językach - Statystyki

Ogólne statystyki
  • Ten quiz został rozwiązany 129 razy
  • Średni wynik to 4 z 10
Statystyki odpowiedzi
Hint Odpowiedź % Poprawnych
Angielski cat
100%
Polski kot
93%
Niemiecki katze
54%
Hiszpański gato
53%
Francuski chat
29%
Japoński neko
19%
Turecki kedi
11%
Węgierski macska
11%
Chiński mao
11%
Fiński kissa
8%
Nie znaleziono quizów pasujących do podanych kryteriów
Rozkład punktacji
Procent ludzi z każdym wynikiem
Percentyl według liczby udzielonych odpowiedzi
Twoja historia wyników
Nie rozwiązałeś tego quizu